Cristóbal Colón y su detractor el Marqués de Dos Fuentes {Don Fernando Antón del Olmet} Secretario de la Legación de España en Chile
Zapisane w:
| 1. autor: | |
|---|---|
| Format: | Książka |
| Język: | hiszpański |
| Wydane: |
Santiago
Imprenta Universitaria
1918
|
| Wydanie: | 1a. ed |
| Hasła przedmiotowe: | |
| Etykiety: |
Dodaj etykietę
Nie ma etykietki, Dołącz pierwszą etykiete!
|
MARC
| LEADER | 00000nam a2200000 a 4500 | ||
|---|---|---|---|
| 001 | UCJ5971 | ||
| 003 | CL-VaPUC | ||
| 008 | 070124e19180000CL |||||||||||||||||spa|d | ||
| 082 | 0 | 4 | |a 980 |b SAN |2 21 |
| 100 | 0 | |a Sanfuentes y Correa, Enrique |e author |9 512015 | |
| 245 | 1 | 0 | |a Cristóbal Colón y su detractor el Marqués de Dos Fuentes {Don Fernando Antón del Olmet} Secretario de la Legación de España en Chile |
| 250 | |a 1a. ed | ||
| 300 | |a 148 p | ||
| 942 | |c BK | ||
| 945 | |d 20070124 00:00:00 |a rinostro | ||
| 260 | |a Santiago |b Imprenta Universitaria |c 1918 | ||
| 500 | |a Advierte errata | ||
| 600 | 0 | 7 | |a COLON, CRISTOBAL |2 CL-VaPUC |9 265189 |
| 600 | 0 | 7 | |a OLMET, FERNANDO ANTON DEL |2 CL-VaPUC |9 512016 |
| 650 | 7 | |a BIOGRAFIA |2 CL-VaPUC |9 504622 | |
| 650 | 0 | |a Descubrimientos geográficos |9 331933 | |
| 650 | 7 | |a CRITICA HISTORICA |2 CL-VaPUC |9 512017 | |
| 650 | 7 | |a ONOMATOLOGIA |2 CL-VaPUC |9 374848 | |
| 650 | 7 | |a ONOMASTICA |2 CL-VaPUC |9 506269 | |
| 650 | 7 | |a CRITICA HISTORICA |2 CL-VaPUC |9 512017 | |
| 583 | |a last modification |c 20070124 00:00:00 |k Rodrigo Vera | ||
| 999 | |c 322079 |d 322077 | ||
| 952 | |0 0 |1 0 |4 0 |6 980_000000000000000_SAN_1918 |7 0 |8 X |9 400991 |a FDOBUD |b FDOBUD |d 2019-11-22 |i 1042157 |o 980 SAN 1918 |p 1042157 |r 2019-11-22 |w 2019-11-22 |y BK_X |k BUD | ||
| 952 | |0 0 |1 0 |4 0 |6 980_000000000000000_SAN_1918 |7 0 |8 X |9 400992 |a FDOBUD |b FDOBUD |d 2019-11-22 |i 1042165 |o 980 SAN 1918 |p 1042165 |r 2019-11-22 |w 2019-11-22 |y BK_X |k BUD | ||